00504 a2200169 450000100060000002000160000604000370002210000360005924000380009524500330013330000070016636200090017365000230018294200070020595201050021299900170031774850 a851604192-1 cAnchieta - Colégio São Paulo aQueiróz, Bartolomeu Campos de10aO olho de vidro do meu avôlpor10aO olho de vidro do meu avô a480 a2010 4aLiteratura juvenil cBK 00104070a88.1b88.1d2023-11-22l0oLJ 028.5 Q384op5932/CSPr2023-11-22 14:32:00w2023-11-22yBK c74850d74850